Korisliiga - Mitalistit - Statistics

Yleistilastot
  • Tätä visaa on pelattu 130 kertaa
    56 viimeisimmän päivityksen jälkeen
  • Keskiarvotulos 15 / 34
Vastaustilastot
Kultaa Hopeaa Pronssia Yht. Joukkue % Oikein
2 1 4 7 Seagulls
88%
3 3 1 7 Karhu
83%
13 6 7 26 Honka
81%
6 7 12 25 KTP
77%
3 4 1 8 Pyrintö
75%
2 6 5 13 Kataja
73%
1 1 3 5 Korihait
71%
4 4 1 9 Kouvot
71%
9 9 7 25 Torpan Pojat
69%
1 3 1 5 Vilpas
65%
2 4 1 7 Namika
63%
2 1 1 4 Bisons
60%
14 4 3 21 Pantterit
56%
4 2 3 9 Kristika
52%
7 3 8 18 Helsingin NMKY
50%
2 1 3 Lappeenrannan NMKY
44%
1 1 2 BC Nokia
42%
1 1 FoKoPo
40%
1 1 2 Pussihukat
35%
2 2 Elannon Isku
33%
2 1 3 HoNsU
33%
1 1 2 Karhun Pojat
31%
4 2 6 Sörnäisten NMKY
31%
1 1 Ylioppilaskoripalloilijat
29%
1 1 Ylioppilaskoripalloilijat II
29%
1 1 Visa
27%
1 1 1 3 Kadettikoulu
25%
2 1 3 Riento
21%
1 2 1 4 Eiran Kisa-Veikot
10%
5 5 2 12 Helsingin Kisa-Toverit
10%
1 1 2 Suurnan Pojat
8%
2 2 Tahko
8%
6 3 9 Työväen Maila-Pojat
6%
2 2 Jyry
2%
Ehtoja vastaavia visoja ei löytynyt
Tulosjakauma
Jokaisen tuloksen saaneiden osuus
Persentiili vastausten määrän mukaan
Tuloshistoriasi
Et ole pelannut tätä visaa sen viimeisimmän päivityksen jälkeen